000 00475cam a2200193ua 4500
001 2658
008 110909n ii |||gr||||Z||||||asm
040 _cMAIN
082 _a891.4512
100 _aChoudhury, Prasanalal,
_eAuthor.
245 1 1 _aNeelambar
_cby Prasanalal Choudhury
250 _a2nd.
260 _aBarpeta:
_bbijanlal choudhury,953.
300 _a176p:9cm.
653 _aAssamese drama
653 _aassamese literature
653 _aNeelambar
942 _cBK
999 _c2509
_d2509